Introduction to logic / (Record no. 30154)
[ view plain ]
| 000 -LEADER | |
|---|---|
| fixed length control field | 00720cam a22002531 4500 |
| 001 - CONTROL NUMBER | |
| control field | 30154 |
| 003 - CONTROL NUMBER IDENTIFIER | |
| rucl marc code | BD-RjUL |
| 005 - DATE AND TIME OF LATEST TRANSACTION | |
| control field | 20211209051524.0 |
| 008 - FIXED-LENGTH DATA ELEMENTS--GENERAL INFORMATION | |
| fixed length control field | 140409s1957 nyua 001 0 eng |
| 035 ## - SYSTEM CONTROL NUMBER | |
| System control number | (BD-RjUL)30239 |
| 040 ## - CATALOGING SOURCE | |
| Original cataloging agency | DLC |
| Transcribing agency | DLC |
| Modifying agency | DLC |
| -- | BD-RjUL |
| Language of cataloging | eng |
| 041 ## - LANGUAGE CODE | |
| Language code of text/sound track or separate title | eng |
| 082 00 - DEWEY DECIMAL CLASSIFICATION NUMBER | |
| Classification number | 160 |
| Author mark and year | SUI 1957 |
| 100 1# - MAIN ENTRY--PERSONAL NAME | |
| Personal name | Suppes, Patrick, |
| Dates associated with a name | 1922- |
| 9 (RLIN) | 19292 |
| 245 10 - TITLE STATEMENT | |
| Title | Introduction to logic / |
| Statement of responsibility, etc. | by Patrick Suppes. |
| 260 ## - PUBLICATION, DISTRIBUTION, ETC. (IMPRINT) | |
| Place of publication, distribution, etc. | New York : |
| Name of publisher, distributor, etc. | D. Van Nostrand Co., |
| Date of publication, distribution, etc. | c[1957. |
| 300 ## - PHYSICAL DESCRIPTION | |
| Pagination | xiii, 312 p. : |
| Illustrations | ill. ; |
| Size | 24 cm. |
| 490 0# - SERIES STATEMENT | |
| Series statement | The University series in undergraduate mathematics |
| 504 ## - BIBLIOGRAPHY, ETC. NOTE | |
| Bibliography, etc | Includes index. |
| 650 #0 - SUBJECT ADDED ENTRY--TOPICAL TERM | |
| Topical term or geographic name as entry element | Logic. |
| 9 (RLIN) | 91677 |
| 942 ## - ADDED ENTRY ELEMENTS (KOHA) | |
| Source of classification or shelving scheme | Dewey Decimal Classification |
| Koha item type | Books |
| Lost status | Source of classification or shelving scheme | Damaged status | Not for loan | Collection code | Permanent Location | Current Location | Shelving location | Date acquired | Source of acquisition | Cost, normal purchase price | Total Checkouts | Full call number | Date last seen | Copy number | Koha item type | Date checked out |
|---|---|---|---|---|---|---|---|---|---|---|---|---|---|---|---|---|
| Dewey Decimal Classification | Non-fiction | Central Library, University of Rajshahi | Central Library, University of Rajshahi | 31/05/1975 | Japan foundation | 4.00 | 160 SUI 1957 | 09/04/2014 | C-5 | Books | ||||||
| Dewey Decimal Classification | Central Library, University of Rajshahi | Central Library, University of Rajshahi | 20/04/1977 | W. Heffer & Sons | 4.20 | 160 SUI 1957 | 09/04/2014 | C-9 | Books | |||||||
| Dewey Decimal Classification | Central Library, University of Rajshahi | Central Library, University of Rajshahi | 20/04/1977 | W. Heffer & Sons | 4.20 | 160 SUI 1957 | 09/04/2014 | C-7 | Books | |||||||
| Dewey Decimal Classification | Central Library, University of Rajshahi | Central Library, University of Rajshahi | 20/04/1977 | W. Heffer & Sons | 4.20 | 1 | 160 SUI 1962 | 21/12/2025 | C-3 | Books | 27/11/2025 | |||||
| Dewey Decimal Classification | Non-fiction | Central Library, University of Rajshahi | Central Library, University of Rajshahi | 31/05/1975 | Gerath & Co. | 4.00 | 160 SUI 1957 | 13/04/2014 | C-6 | Books |